|
|
|
|
| LEADER |
00000nam0a2200000 4500 |
| 001 |
151643 |
| 005 |
20231031150801.0 |
| 010 |
|
|
|a 5265001611
|
| 020 |
|
|
|a RU
|b 88-44886
|
| 035 |
|
|
|a (RuTPU)RU\TPU\book\164411
|
| 090 |
|
|
|a 151643
|
| 100 |
|
|
|a 20090126d1988 m y0rusy5003 ca
|
| 101 |
0 |
|
|a rus
|
| 102 |
|
|
|a RU
|
| 105 |
|
|
|a c z 000ay
|
| 200 |
1 |
|
|a На полпути к себе...
|e повесть
|f И. Хаимова
|g худож. С. Чуканов
|
| 210 |
|
|
|a Москва
|c Советский писатель
|d 1988
|
| 215 |
|
|
|a 272 с.
|c портр.
|
| 300 |
|
|
|a Перед вып. дан. авт.: Инна Хаимова (Жозефина Альбертовна)
|
| 333 |
|
|
|a Исключено из фонда НТБ ТПУ
|
| 700 |
|
1 |
|a Хаимова
|b И.
|g Инна
|
| 702 |
|
1 |
|a Чуканов
|b С.
|4 440
|
| 801 |
|
0 |
|a RU
|b RuMRKP
|c 19950417
|g psbo
|
| 801 |
|
1 |
|a RU
|b 63413507
|c 20090126
|g PSBO
|
| 801 |
|
2 |
|a RU
|b 63413507
|c 20220517
|g PSBO
|
| 942 |
|
|
|c BK
|